| 000 | 00535nab a2200145Ia 4500 | ||
|---|---|---|---|
| 003 | ES-SlBCS | ||
| 005 | 20210601133740.0 | ||
| 008 | 140529s2008 xxu||||| |||| 00| 0 por d | ||
| 041 | _apor | ||
| 100 | 1 |
_aBonadia de Oliveira, Fernando _9209196 |
|
| 245 | 0 | 2 |
_aA continuaçao do direito natural, a continuaçao da guerra e o papel das universidades em Espinosa e Foucault _c Fernando Bonadia De Oliveira |
| 650 | 0 | 4 |
_aDerecho Natural _941746 |
| 773 | 0 |
_tEducaçao e Filosofia _gvol. 22, nº. 43, 2008, págs. 63-88 _wRev1534 |
|
| 942 | _cAR | ||
| 999 |
_c601507 _d601507 |
||